<?xml version='1.0' encoding='UTF-8'?><?xml-stylesheet href='static/style.xsl' type='text/xsl'?><OAI-PMH xmlns="http://www.openarchives.org/OAI/2.0/" xmlns:xsi="http://www.w3.org/2001/XMLSchema-instance" xsi:schemaLocation="http://www.openarchives.org/OAI/2.0/ http://www.openarchives.org/OAI/2.0/OAI-PMH.xsd"><responseDate>2026-05-01T08:49:10Z</responseDate><request verb="GetRecord" identifier="oai:ebiltegia.mondragon.edu:20.500.11984/4724" metadataPrefix="marc">https://ebiltegia.mondragon.edu/oai/request</request><GetRecord><record><header><identifier>oai:ebiltegia.mondragon.edu:20.500.11984/4724</identifier><datestamp>2024-01-04T21:57:00Z</datestamp><setSpec>com_20.500.11984_1736</setSpec><setSpec>com_20.500.11984_1627</setSpec><setSpec>col_20.500.11984_1972</setSpec></header><metadata><record xmlns="http://www.loc.gov/MARC21/slim" xmlns:dcterms="http://purl.org/dc/terms/" xmlns:xsi="http://www.w3.org/2001/XMLSchema-instance" xmlns:doc="http://www.lyncode.com/xoai" xsi:schemaLocation="http://www.loc.gov/MARC21/slim http://www.loc.gov/standards/marcxml/schema/MARC21slim.xsd">
   <leader>00925njm 22002777a 4500</leader>
   <datafield ind2=" " ind1=" " tag="042">
      <subfield code="a">dc</subfield>
   </datafield>
   <datafield ind2=" " ind1=" " tag="720">
      <subfield code="a">Mondragon Unibertsitatea</subfield>
      <subfield code="e">author</subfield>
   </datafield>
   <datafield ind2=" " ind1=" " tag="260">
      <subfield code="c">2016-06-25</subfield>
   </datafield>
   <datafield ind2=" " ind1=" " tag="520">
      <subfield code="a">2016ko uztailaren 4tik 8ra irekiko da epea Hezkuntza eta Ikus-entzunezko Komunikazioa Graduetan matrikula egiteko. Modalitate erdi-presentzialean, ostera, uztailaren 13an izango da matrikulatzeko eguna. Gainera, toki libreak egonez gero, aurrerago ere zabalduko da matrikulatzeko ezohiko epea. Hezkuntzako ikasleek Eskoriatzako campusean egin beharko dute matrikula, Ikus-entzunezko ikasleek, aldiz, Aretxabaletako campusean.</subfield>
   </datafield>
   <datafield ind2=" " ind1=" " tag="520">
      <subfield code="a">Del 4 al 8 de julio de 2016 estará abierta la matriculación en los Grados presenciales de Educación y Audiovisuales. La matriculación en la modalidad semi-presencial, en cambio, se llevará a cabo el día 13 de julio. Los estudiantes de Educación deberán formalizar sus matrículas en le campus de Eskoriatza, lo de Audiovisuales, por su parte, en el campus de Aretxabaleta. De haber plazas libres, se abrirá posteriormente un plazo extraordinario de matriculación.</subfield>
   </datafield>
   <datafield ind1="8" ind2=" " tag="024">
      <subfield code="a">https://hdl.handle.net/20.500.11984/4724</subfield>
   </datafield>
   <datafield tag="653" ind2=" " ind1=" ">
      <subfield code="a">Humanitate eta Hezkuntza Zientzien Fakultatea</subfield>
   </datafield>
   <datafield ind2="0" ind1="0" tag="245">
      <subfield code="a">Graduetan matrikula egiteko epea, uztailaren 4tik 8ra</subfield>
   </datafield>
   <datafield ind2="0" ind1="0" tag="245">
      <subfield code="a">Plazo de matriculación en los Grados: del 4 al 8 de julio</subfield>
   </datafield>
</record></metadata></record></GetRecord></OAI-PMH>